000 00826nam0a22002771 4500
001 v19\rc\1952942
005 20251118180928.1
035 _a(NLR Aleph) 005037625
090 _a6758711
_c6758712
100 _a20080428d1913 u y0rusy50 ca
101 0 _arus
102 _aRU
105 _ay z |||||
200 1 _aМогила
_eНовый русский песенник
_eСб. новейших песен
_fСост. С. Д.
210 _aМосква
_cт-во И.Д. Сытина
_d1913
215 _a24 с.
_d18
300 _aПодзаг. обл.: Новый песенник
702 0 _aС. Д.
_4220
801 0 _aRU
_bNLR
_gpsbo
801 0 _aRU
_bRuMoRGB
_2psbo
801 1 _aRU
_bProSoft-M
_2rusmarc
852 _aNLR
_j43.12.9.470
899 _aRuMoRGB
_jW 302/652
899 _aБАН
942 _cBOOK
980 _aNB